LEADER 01773nam a2200325 u 4500 001 000000061133 003 CaOOAMICUS 005 20070226121006.0 008 010831s2000 it u000 u ger u 035 $a10900834 040 $aPUL(R)$bita 100 1 $a?tengl, Ivan.$0(OLS)http://pul/name/41728 245 10$aSelbsterfahrung :$bSelbstbespiegelung oder Hilfe zum erreichen der noetischen Dimension? Ein Beitrag zur neuren Diskussion in der Logotherapie und Existenzanalyse /$cIvan ?tengl. 260 $aRoma :$b[s.n.],$c2000. 300 $a193 p. ;$c25 cm 490 1 $aUniversitą Pontificia Salesiana. Facoltą di scieze dell'educazione. Tesi di Dottorato ;$v446 500 $aSul front.: "Teilpublikation der Doktorarbeit". 500 $aBibliografia p. 163-185. 650 4$aLogoterapia.$0(OLS)http://pul/subject/9669 650 4$aEsistenzialismo.$0(OLS)http://pul/subject/1923 710 2 $aPontificia Universitą Salesiana.$bFacoltą di scienze dell'educazione.$0(OLS)http://pul/name/13047 830 0$aTesi di dottorato (Pontificia Universitą salesiana. Facoltą di scienze dell'educazione) ;$v446.$0(OLS)http://pul/title/71601 850 $aPUL 852 $aPUL$W1$xDP1 Tesi Pon. Univ. Salesiana$y46$mTH SAL 446$j188239$nBK-PRI$b $qTesi$B79707$CPULBib$Z2$F79707 $82 852 $aPUL$W1$xDP1 Tesi Pon. Univ. Salesiana$y46$mTH SALES 451$j188240$nBK-PRI$b $qTesi$B79708$CPULBib$Z2$F79708 $81 941 1 $a16 961 $aINV: 83923 961 $aINV: 83911 996 $6245$aSelbsterfahrung :$bSelbstbespiegelung oder Hilfe zum erreichen der noetischen Dimension? Ein Beitrag zur neuren Diskussion in der Logotherapie und Existenzanalyse$9(OLS)http://pul/title/81643 996 $6260$aRoma :$b[s.n.]$9(OLS)http://pul/publisher/47958 LEADER 00979nam a2200253 a 4500 001 000000169414 003 CaOOAMICUS 005 20180924134110.0 008 180924s1983 it 000 u ita r 032 $aLibriCat 040 $aPul$bita 100 1 $aBarilli, Renato.$0(OLS)http://pul/name/78761 245 13$aLa retorica /$cRenato Barilli . 260 $aMilano :$bArnoldo Mondadori,$c©1983. 300 $a173 p. ; $c20 cm. 490 1 $aStudio. Enciclopedia filosofica ;$v12 650 4$aRetorica$xStoria.$0(OLS)http://pul/subject/10020 830 0$aStudio. (Mondadori) $pEnciclopedia filosofica ;$v12.$0(OLS)http://pul/title/210002 850 $aPUL 852 $aPUL$W1$xDP1 Fondo Dalla Palma$y117$m9 E 75$j192638$qFondi$B197623$CPULBib$Z2$F197623 $HDal2594 $81 941 1 $a1 996 $6245$aLa retorica$9(OLS)http://pul/title/169469 996 $6260$aMilano :$bArnoldo Mondadori$9(OLS)http://pul/publisher/60431